[Event "GER-chT Online Liga 1 GpB"]
[Site "Playchess.com INT"]
[Date "2021.01.22"]
[Round "1.2"]
[White "Foerster, Erik"]
[Black "Engers, Felix"]
[Result "1-0"]
[WhiteElo "2065"]
[BlackElo "2198"]
[PlyCount "53"]
[EventDate "2021.01.18"]
[EventType "team-tourn (rapid)"]
[EventRounds "7"]
[EventCountry "GER"]
[SourceTitle "CBM 200 Extra"]
[Source "ChessBase"]
[SourceDate "2021.03.31"]
[SourceVersion "1"]
[SourceVersionDate "2021.03.31"]
[SourceQuality "1"]
[WhiteTeam "Heidesheim"]
[BlackTeam "Spandau Zitadelle"]
[WhiteTeamCountry "GER"]
[BlackTeamCountry "GER"]

1. d4 Nf6 2. g3 g6 3. Bg2 d5 4. Nf3 Bg7 5. 0-0 0-0 6. c4 c6 7. b3 dxc4 8. bxc4 c5 9. e3 Nc6 10. Bb2 Qb6 11. Qb3 Ne4 12. Ne5 Nd6 13. Qxb6 axb6 14. Nxc6 bxc6 15. Bxc6 Ra7 16. Nd2 Be6 17. Rfc1 Rc8 18. Bd5 Bxd5 19. cxd5 Rca8 20. a3 Ra4 21. Nf3 Nb5 22. Ra2 cxd4 23. exd4 Nxd4 24. Nxd4 Bxd4 25. Bxd4 Rxd4 26. Rc7 Rc4 27. Rxc4 1-0

[Event "Erfurt op 28th"]
[Site "Erfurt"]
[Date "2018.12.29"]
[Round "7"]
[White "Engers, Felix"]
[Black "Mooser, Stefan"]
[Result "1-0"]
[WhiteElo "2117"]
[BlackElo "2255"]
[PlyCount "49"]
[EventDate "2018.12.26"]
[EventType "swiss"]
[EventRounds "8"]
[EventCountry "GER"]
[SourceTitle "CBM 188 Extra"]
[Source "ChessBase"]
[SourceDate "2019.02.26"]
[SourceVersion "1"]
[SourceVersionDate "2019.02.26"]
[SourceQuality "1"]

1. c4 e6 2. g3 d5 3. Bg2 Nf6 4. Nf3 Be7 5. 0-0 0-0 6. b3 b6 7. Bb2 Bb7 8. cxd5 Nxd5 9. d4 Nd7 10. Re1 c5 11. e4 N5f6 12. Nc3 cxd4 13. Nxd4 Bb4 14. a3 Bxc3 15. Bxc3 Nc5 16. f3 Qd7 17. Bf1 a6 18. a4 Rfd8 19. b4 Ncxe4 20. fxe4 Nxe4 21. Bb2 e5 22. Nf3 Qf5 23. Qe2 f6 24. Bg2 Qe6 25. Nd4 1-0

[Event "Wroclaw op"]
[Site "Wroclaw"]
[Date "2018.08.02"]
[Round "6"]
[White "Kowalczyk, Rafal"]
[Black "Engers, Felix"]
[Result "0-1"]
[WhiteElo "2209"]
[BlackElo "2089"]
[PlyCount "68"]
[EventDate "2018.07.30"]
[EventType "swiss"]
[EventRounds "9"]
[EventCountry "POL"]
[SourceTitle "CBM 185 Extra"]
[Source "ChessBase"]
[SourceDate "2018.07.29"]
[SourceVersion "1"]
[SourceVersionDate "2018.07.29"]
[SourceQuality "1"]

1. e4 e5 2. f4 exf4 3. Bc4 Qh4+ 4. Kf1 d6 5. Nc3 Be6 6. Bb3 Nd7 7. d4 Ngf6 8. Nf3 Qh6 9. Qd3 c6 10. Ne2 Nh5 11. h4 Qf6 12. c4 Bg4 13. Bd2 0-0-0 14. Qc3 Re8 15. Bc2 Kb8 16. Kf2 c5 17. b4 cxd4 18. Nfxd4 Bxe2 19. Nxe2 Be7 20. Qf3 Ng3 21. Nxg3 Qd4+ 22. Ke2 fxg3 23. Bc3 Qxc4+ 24. Kd2 Bf6 25. Rac1 Rc8 26. Bb1 Bxc3+ 27. Qxc3 Ne5 28. Qxc4 Rxc4 29. a3 Rhc8 30. Rxc4 Nxc4+ 31. Ke2 Nxa3 32. Bd3 Nc4 33. Rh3 Ne5 34. Rxg3 Rc3 0-1

[Event "Wroclaw op"]
[Site "Wroclaw"]
[Date "2018.08.01"]
[Round "5"]
[White "Engers, Felix"]
[Black "Simon, Marek"]
[Result "1-0"]
[WhiteElo "2089"]
[BlackElo "1902"]
[PlyCount "129"]
[EventDate "2018.07.30"]
[EventType "swiss"]
[EventRounds "9"]
[EventCountry "POL"]
[SourceTitle "CBM 185 Extra"]
[Source "ChessBase"]
[SourceDate "2018.07.29"]
[SourceVersion "1"]
[SourceVersionDate "2018.07.29"]
[SourceQuality "1"]

1. c4 Nf6 2. g3 e6 3. Bg2 a6 4. b3 c5 5. Nf3 b5 6. 0-0 Bb7 7. Bb2 Be7 8. e3 0-0 9. Nc3 bxc4 10. bxc4 d6 11. d4 Ne4 12. Nxe4 Bxe4 13. dxc5 dxc5 14. Ne5 Bxg2 15. Kxg2 Qc7 16. Qf3 Ra7 17. Nd3 Rd8 18. Rfd1 Nd7 19. Bc3 Bf6 20. Bxf6 Nxf6 21. Nxc5 Rc8 22. Ne4 Nxe4 23. Qxe4 g6 24. Rac1 Rb7 25. c5 Rb2 26. c6 Qa5 27. a4 Rd2 28. Rxd2 Qxd2 29. Qc4 a5 30. Rc3 Rc7 31. Qc5 Qd5+ 32. Qxd5 exd5 33. Kf3 Kg7 34. Rc5 Kf6 35. Rxd5 Rxc6 36. Rxa5 Rc4 37. g4 Ke6 38. Ra8 Kf6 39. h3 Rb4 40. a5 Ra4 41. h4 h5 42. gxh5 Rxh4 43. hxg6 Kxg6 44. a6 Ra4 45. e4 Kg5 46. Kg3 Kf6 47. Kf4 Ra2 48. f3 Ra1 49. a7 Ra4 50. Kg3 Ra3 51. Kg4 Ra1 52. e5+ Kg7 53. Kf5 Ra4 54. f4 Ra5 55. Ke4 Ra4+ 56. Kd3 Ra3+ 57. Kc2 Ra2+ 58. Kb3 Ra1 59. f5 Rb1+ 60. Ka2 Rb5 61. f6+ Kh7 62. Rh8+ Kxh8 63. a8Q+ Kh7 64. Qe4+ Kh6 65. Qe3+ 1-0

[Event "Wroclaw op"]
[Site "Wroclaw"]
[Date "2018.07.31"]
[Round "2"]
[White "Wiewiora, Eneasz"]
[Black "Engers, Felix"]
[Result "1/2-1/2"]
[WhiteElo "2324"]
[BlackElo "2089"]
[PlyCount "112"]
[EventDate "2018.07.30"]
[EventType "swiss"]
[EventRounds "9"]
[EventCountry "POL"]
[SourceTitle "CBM 185 Extra"]
[Source "ChessBase"]
[SourceDate "2018.07.29"]
[SourceVersion "1"]
[SourceVersionDate "2018.07.29"]
[SourceQuality "1"]

1. e4 e5 2. Nf3 Nc6 3. d3 Nf6 4. Be2 d5 5. Nbd2 Bc5 6. 0-0 0-0 7. a3 a5 8. b3 Nd4 9. Bb2 Nxf3+ 10. Bxf3 d4 11. Be2 b5 12. Nf3 Bd6 13. c3 c5 14. b4 axb4 15. axb4 Rxa1 16. Qxa1 Bg4 17. bxc5 Bxf3 18. Bxf3 Bxc5 19. cxd4 Bxd4 20. Bxd4 Qxd4 21. Qxd4 exd4 22. Rb1 Rb8 23. Rb4 Nd7 24. Bd1 Nc5 25. Bc2 Ne6 26. g3 Kf8 27. Ba4 Ra8 28. Bb3 Nc5 29. Rxb5 Nxd3 30. Bc4 Ra3 31. Kf1 f6 32. Bxd3 Rxd3 33. Rd5 g5 34. Ke2 Ra3 35. Rxd4 Kf7 36. Rd7+ Kg6 37. h3 h5 38. Rd3 Ra1 39. Kf3 Rh1 40. Kg2 Re1 41. Kf3 Rh1 42. Rd6 Re1 43. Re6 Kf7 44. Rc6 Kg7 45. Rc4 Kf7 46. Rc2 Ra1 47. Re2 Ke6 48. Rc2 Ra3+ 49. Kg2 Ra4 50. f3 h4 51. gxh4 gxh4 52. Rc6+ Ke5 53. Rc5+ Kf4 54. Rf5+ Ke3 55. Rxf6 Ra2+ 56. Kf1 Ra1+ 1/2-1/2

[Event "Berlin Spandau op"]
[Site "Berlin"]
[Date "2017.12.29"]
[Round "6"]
[White "Kasparova, Tatiana"]
[Black "Engers, Felix"]
[Result "1/2-1/2"]
[WhiteElo "2118"]
[BlackElo "2003"]
[PlyCount "102"]
[EventDate "2017.12.27"]
[EventType "swiss"]
[EventRounds "7"]
[EventCountry "GER"]
[SourceTitle "CBM 182 Extra"]
[Source "ChessBase"]
[SourceDate "2018.02.23"]
[SourceVersion "1"]
[SourceVersionDate "2018.02.23"]
[SourceQuality "1"]

1. e4 c6 2. d4 d5 3. Nd2 dxe4 4. Nxe4 Nf6 5. Nxf6+ exf6 6. Nf3 Bd6 7. Bd3 0-0 8. 0-0 Bg4 9. c3 Qa5 10. h3 Bh5 11. Be3 Nd7 12. Be2 Rad8 13. Nd2 Bxe2 14. Qxe2 Rfe8 15. Qf3 Qd5 16. c4 Qxf3 17. Nxf3 Bb8 18. Rfe1 h6 19. Rad1 f5 20. Bd2 Nf6 21. Rxe8+ Rxe8 22. Re1 Re4 23. Kf1 a6 24. Bc3 Kf8 25. Nd2 Rxe1+ 26. Kxe1 Ne4 27. Bb4+ Bd6 28. Bxd6+ Nxd6 29. Ke2 Ke7 30. Kd3 g5 31. c5 Nb5 32. Nc4 Ke6 33. a4 Nc7 34. Nd6 Nd5 35. Nxb7 Nf4+ 36. Kc4 Nxg2 37. Nd8+ Kd7 38. Nxf7 Nf4 39. b4 Nxh3 40. d5 cxd5+ 41. Kxd5 Nf4+ 42. Kc4 Nh3 43. b5 axb5+ 44. axb5 Nxf2 45. b6 Ne4 46. Ne5+ Kd8 47. c6 g4 48. Kd5 Nc3+ 49. Ke6 Na4 50. b7 Kc7 51. Kxf5 Nc5 1/2-1/2

[Event "Wroclaw op"]
[Site "Wroclaw"]
[Date "2017.08.14"]
[Round "8"]
[White "Engers, Felix"]
[Black "Kaminski, Jan"]
[Result "1-0"]
[WhiteElo "1919"]
[BlackElo "1818"]
[PlyCount "61"]
[EventDate "2017.08.10"]
[EventType "swiss"]
[EventRounds "9"]
[EventCountry "POL"]
[SourceTitle "CBM 180 Extra"]
[Source "ChessBase"]
[SourceDate "2017.10.06"]
[SourceVersion "1"]
[SourceVersionDate "2017.10.06"]
[SourceQuality "1"]

1. c4 e5 2. g3 c6 3. Nf3 e4 4. Nd4 d5 5. d3 Nf6 6. Bg2 Bb4+ 7. Bd2 Bxd2+ 8. Qxd2 exd3 9. Qxd3 0-0 10. 0-0 Na6 11. cxd5 Nxd5 12. Nc3 Nab4 13. Qd2 Nxc3 14. Qxc3 Nd5 15. Qb3 Qf6 16. Rfd1 Nb6 17. a4 c5 18. Nb5 Be6 19. Qc2 Bf5 20. Qxc5 Rac8 21. Qd4 Qxd4 22. Nxd4 Bc2 23. Bxb7 Bxd1 24. Bxc8 Bxa4 25. Bf5 Rd8 26. e3 g6 27. Be4 Rd7 28. b3 f5 29. Bf3 Rxd4 30. exd4 Bxb3 31. Rxa7 1-0

[Event "Berlin Lieb Memorial 2nd"]
[Site "Berlin"]
[Date "2016.05.26"]
[Round "2"]
[White "Engers, Felix"]
[Black "Heerde, Thomas"]
[Result "1-0"]
[WhiteElo "1850"]
[BlackElo "2021"]
[PlyCount "73"]
[EventDate "2016.05.19"]
[EventType "swiss"]
[EventRounds "7"]
[EventCountry "GER"]
[SourceTitle "EXT 2022"]
[Source "ChessBase"]
[SourceDate "2021.10.06"]
[SourceVersion "1"]
[SourceVersionDate "2021.10.06"]
[SourceQuality "1"]

1. c4 Nf6 2. g3 g6 3. Bg2 Bg7 4. Nc3 0-0 5. e4 d6 6. Nge2 c6 7. 0-0 e5 8. d3 a6 9. h3 b5 10. Be3 Re8 11. Qd2 b4 12. Na4 c5 13. b3 Nc6 14. f4 a5 15. f5 gxf5 16. Bh6 Bxh6 17. Qxh6 Ra6 18. exf5 Nd4 19. Nxd4 cxd4 20. g4 Kh8 21. Qh4 Nd7 22. f6 Rg8 23. Rf5 Nf8 24. Rh5 d5 25. Rf1 Rg6 26. Rh6 dxc4 27. bxc4 Qc7 28. Be4 Re6 29. Rf5 Qd8 30. Rf2 Rd6 31. Bxg6 fxg6 32. Nc5 Qc7 33. Ne4 Rd7 34. Ng5 a4 35. f7 Kg7 36. Rxh7+ Nxh7 37. Ne6+ 1-0

[Event "Berlin Lieb Memorial 2nd"]
[Site "Berlin"]
[Date "2016.05.19"]
[Round "1"]
[White "Vural, Argun"]
[Black "Engers, Felix"]
[Result "1/2-1/2"]
[WhiteElo "1563"]
[BlackElo "1850"]
[PlyCount "75"]
[EventDate "2016.05.19"]
[EventType "swiss"]
[EventRounds "7"]
[EventCountry "GER"]
[SourceTitle "EXT 2022"]
[Source "ChessBase"]
[SourceDate "2021.10.06"]
[SourceVersion "1"]
[SourceVersionDate "2021.10.06"]
[SourceQuality "1"]

1. d4 Nf6 2. Bf4 g6 3. e3 Bg7 4. h3 0-0 5. Nf3 d5 6. c3 Nbd7 7. Be2 c5 8. 0-0 cxd4 9. exd4 Qb6 10. Qb3 e6 11. Nbd2 a6 12. Rfe1 Qa7 13. a4 Qb6 14. a5 Qxb3 15. Nxb3 Re8 16. Ne5 Nxe5 17. Bxe5 Nd7 18. Bxg7 Kxg7 19. Bf3 Rb8 20. Bxd5 b5 21. axb6 Nxb6 22. Bf3 Nd7 23. Ra3 Bb7 24. Nd2 Bxf3 25. Nxf3 Rb6 26. b3 Reb8 27. c4 R8b7 28. c5 Rxb3 29. Rxa6 Nb8 30. Rd6 Rc3 31. Ra1 Rc7 32. Rb1 Nd7 33. Ra1 e5 34. Nxe5 Nxe5 35. dxe5 R3xc5 36. e6 Rc2 37. exf7 Rxf7 38. Rf1 1/2-1/2

[Event "Berlin Lieb Memorial 1st"]
[Site "Berlin"]
[Date "2015.06.18"]
[Round "5"]
[White "Dimitrijeski, Kristian"]
[Black "Engers, Felix"]
[Result "1-0"]
[WhiteElo "2179"]
[BlackElo "1817"]
[PlyCount "105"]
[EventDate "2015.05.21"]
[EventType "swiss"]
[EventRounds "7"]
[EventCountry "GER"]
[SourceTitle "EXT 2022"]
[Source "ChessBase"]
[SourceDate "2021.10.06"]
[SourceVersion "1"]
[SourceVersionDate "2021.10.06"]
[SourceQuality "1"]

1. d4 Nf6 2. c4 g6 3. Nc3 d5 4. cxd5 Nxd5 5. e4 Nxc3 6. bxc3 c5 7. Bb5+ Bd7 8. Bxd7+ Nxd7 9. Nf3 Bg7 10. 0-0 0-0 11. Rb1 Qc7 12. Qb3 b6 13. d5 c4 14. Qc2 Nc5 15. Be3 Rad8 16. Nd4 Qe5 17. Nc6 Qxe4 18. Qxe4 Nxe4 19. Nxd8 Rxd8 20. Rb4 Rc8 21. Ra4 Nxc3 22. Rxa7 Ne2+ 23. Kh1 c3 24. Rxe7 Bf8 25. Rb7 c2 26. Rxb6 c1Q 27. Bxc1 Rxc1 28. Rxc1 Nxc1 29. d6 Bxd6 30. Rxd6 Nxa2 31. f3 Nc3 32. Kg1 Ne2+ 33. Kf2 Nf4 34. Rd7 h5 35. g3 Ne6 36. Ke3 Kg7 37. Ra7 Kf6 38. Ra5 Kg7 39. Ke4 Kf6 40. Ra6 Kg7 41. Ke5 Ng5 42. Ra3 f6+ 43. Kd6 f5 44. h4 Nh3 45. Ke6 f4 46. g4 hxg4 47. fxg4 Ng1 48. g5 f3 49. Ra7+ Kg8 50. Ra1 Ne2 51. Kf6 Ng3 52. Kxg6 Kf8 53. Kh7 1-0

[Event "Berlin Spring op-A"]
[Site "Berlin"]
[Date "2014.05.03"]
[Round "5"]
[White "Schmidek, Emil"]
[Black "Engers, Felix"]
[Result "1/2-1/2"]
[WhiteElo "2053"]
[BlackElo "1792"]
[PlyCount "43"]
[EventDate "2014.05.01"]
[EventType "swiss"]
[EventRounds "7"]
[EventCountry "GER"]
[SourceTitle "CBM 160 Extra"]
[Source "ChessBase"]
[SourceDate "2014.07.01"]
[SourceVersion "1"]
[SourceVersionDate "2014.07.01"]
[SourceQuality "1"]

1. e4 c6 2. d4 d5 3. e5 c5 4. dxc5 e6 5. c3 Bxc5 6. b4 Bf8 7. Be3 Nc6 8. Bb5 Bd7 9. Bxc6 Bxc6 10. Ne2 a5 11. bxa5 Qxa5 12. Nd4 Bb5 13. Nxb5 Qxb5 14. Qe2 Qxe2+ 15. Kxe2 Rc8 16. Bd4 Bc5 17. Nd2 Ne7 18. Rhb1 Bxd4 19. cxd4 Rc7 20. Rb2 Nc6 21. Kd3 Kd7 22. Rab1 1/2-1/2

[Event "GER-ch U25 op-A"]
[Site "Oberhof"]
[Date "2013.05.22"]
[Round "6"]
[White "Engers, Felix"]
[Black "Diller, Daniel"]
[Result "0-1"]
[WhiteElo "1804"]
[BlackElo "1822"]
[PlyCount "38"]
[EventDate "2013.05.19"]
[EventType "swiss"]
[EventRounds "9"]
[EventCountry "GER"]
[SourceTitle "CBM 154 Extra"]
[Source "ChessBase"]
[SourceDate "2013.06.25"]
[SourceVersion "2"]
[SourceVersionDate "2013.06.25"]
[SourceQuality "1"]

1. c4 c5 2. Nc3 g6 3. g3 Bg7 4. Bg2 Nc6 5. d3 Nf6 6. Nf3 0-0 7. Rb1 d5 8. cxd5 Nxd5 9. Bd2 Nc7 10. 0-0 Bd7 11. a3 a5 12. Na4 Ne6 13. Bc3 Ncd4 14. Bxd4 cxd4 15. Rc1 Bh6 16. Rb1 b5 17. Nxd4 bxa4 18. Bxa8 Qxa8 19. Nf3 Nc5 0-1

[Event "GER-ch U25 op-A"]
[Site "Oberhof"]
[Date "2013.05.20"]
[Round "3"]
[White "Faldum, Manfred"]
[Black "Engers, Felix"]
[Result "1/2-1/2"]
[WhiteElo "1865"]
[BlackElo "1804"]
[PlyCount "57"]
[EventDate "2013.05.19"]
[EventType "swiss"]
[EventRounds "9"]
[EventCountry "GER"]
[SourceTitle "CBM 154 Extra"]
[Source "ChessBase"]
[SourceDate "2013.06.25"]
[SourceVersion "2"]
[SourceVersionDate "2013.06.25"]
[SourceQuality "1"]

1. Nf3 g6 2. g3 Bg7 3. Bg2 Nf6 4. c4 0-0 5. 0-0 c6 6. d4 d5 7. b3 Bf5 8. Nc3 Ne4 9. Bb2 Nxc3 10. Bxc3 Be4 11. Rc1 Nd7 12. e3 Rc8 13. Bh3 Bxf3 14. Qxf3 e6 15. Rc2 Nf6 16. Rfc1 Ne4 17. Bb4 Ng5 18. Qg2 Nxh3+ 19. Qxh3 Re8 20. cxd5 exd5 21. Bc5 a6 22. Qf1 Bf8 23. Bxf8 Kxf8 24. Qe1 Qb6 25. Qc3 Rc7 26. Qc5+ Qxc5 27. Rxc5 Rec8 28. b4 Ke7 29. Kf1 1/2-1/2

[Event "GER-ch U25 op-A"]
[Site "Oberhof"]
[Date "2013.05.19"]
[Round "2"]
[White "Engers, Felix"]
[Black "Wastian, Jan"]
[Result "1-0"]
[WhiteElo "1804"]
[BlackElo "1636"]
[PlyCount "75"]
[EventDate "2013.05.19"]
[EventType "swiss"]
[EventRounds "9"]
[EventCountry "GER"]
[SourceTitle "CBM 154 Extra"]
[Source "ChessBase"]
[SourceDate "2013.06.25"]
[SourceVersion "2"]
[SourceVersionDate "2013.06.25"]
[SourceQuality "1"]

1. c4 c6 2. g3 d5 3. Bg2 Nf6 4. Nf3 Bf5 5. 0-0 e6 6. b3 Bd6 7. Bb2 Nbd7 8. d4 0-0 9. Nbd2 h6 10. Ne5 Qc7 11. Nxd7 Qxd7 12. Re1 Rad8 13. e4 dxe4 14. Nxe4 Bxe4 15. Bxe4 Nxe4 16. Rxe4 c5 17. Qe2 cxd4 18. Bxd4 Qc7 19. c5 Be7 20. Rg4 Rxd4 21. Rxd4 Bf6 22. Qc4 Bxd4 23. Qxd4 Rd8 24. Qe3 Qd7 25. Re1 Qd2 26. a3 Qd3 27. b4 Rd4 28. Qxd3 Rxd3 29. Re3 Rxe3 30. fxe3 Kf8 31. Kf2 Ke7 32. Kf3 Kd7 33. Ke4 f6 34. h4 g6 35. Kd4 Kc6 36. Kc4 a6 37. a4 h5 38. Kd4 1-0

[Event "Berlin Eckbauer op 15th"]
[Site "Berlin"]
[Date "2012.11.26"]
[Round "7.12"]
[White "Engers, Felix"]
[Black "Schwedek, Tony"]
[Result "1/2-1/2"]
[WhiteElo "1784"]
[BlackElo "1867"]
[PlyCount "62"]
[EventDate "2012.10.15"]
[EventType "swiss"]
[EventRounds "7"]
[EventCountry "GER"]
[SourceTitle "EXT 2022"]
[Source "ChessBase"]
[SourceDate "2021.10.06"]
[SourceVersion "1"]
[SourceVersionDate "2021.10.06"]
[SourceQuality "1"]

1. c4 e5 2. g3 Nf6 3. Nc3 d5 4. cxd5 Nxd5 5. Bg2 Nb6 6. d3 Be7 7. Nf3 Nc6 8. 0-0 0-0 9. Be3 Be6 10. d4 exd4 11. Nxd4 Nxd4 12. Qxd4 Qxd4 13. Bxd4 Rad8 14. Bxb6 axb6 15. Rfd1 c6 16. Kf1 Rxd1+ 17. Rxd1 Rd8 18. Rxd8+ Bxd8 19. a3 Bf6 20. Ke1 Kf8 21. Kd2 Ke7 22. e3 b5 23. Kc2 Bxc3 24. Kxc3 Kd6 25. b4 b6 26. Bf1 Bd7 27. f4 c5 28. e4 f6 29. Bd3 h6 30. Bc2 g5 31. Bb1 Be6 1/2-1/2